| 000 | 01141nam a2200313 i 4500 | ||
|---|---|---|---|
| 001 | 000006091 | ||
| 003 | DO-SdBNP | ||
| 005 | 20260511115309.0 | ||
| 007 | ta | ||
| 008 | 090826s1998 dr 001 0 spa d | ||
| 020 | _a8495119013 | ||
| 040 |
_aDO-SdBNP _bspa _cBNPHU _erda |
||
| 041 | _aspa | ||
| 082 | 0 | 4 |
_a363.69 _bM772p _222 |
| 100 | 1 |
_aMonte Urraca, Manuel E. del, _d1935- _917147 _eautor |
|
| 245 | 1 | 0 |
_aMi propuesta / _cManuel E. Del Monte Urraca. |
| 250 | _aPrimera edición | ||
| 264 | 1 |
_aSanto Domingo : _bEditora Alfa y Omega, _c1998. |
|
| 300 |
_a326 páginas ; _c21 cm. |
||
| 336 |
_atexto _btxt _2rdacontent |
||
| 337 |
_asin mediación _bn _2rdamedia |
||
| 338 |
_avolumen _bnc _2rdacarrier |
||
| 500 | _aIncluye datos biográficos del autor en las solapas | ||
| 650 | 7 |
_aPreservación del patrimonio histórico _zRepública Dominicana _zSanto Domingo _917148 |
|
| 650 | 7 |
_aRehabilitación urbana _zRepública Dominicana _zSanto Domingo _94183 |
|
| 650 | 7 |
_aPatrimonio cultural _zRepública Dominicana _zSanto Domingo _989523 |
|
| 651 | 7 |
_aSanto Domingo (República Dominicana) _xHistoria. _2LEMB _9171 |
|
| 942 |
_2ddc _cLBS1 |
||
| 999 |
_c5887 _d5887 |
||